logo

Bir Sreshtho Munshi Abdur Rouf Library
Jhenaidah Cadet College

Basic Facts about the United Nations (Record no. 9613)

MARC details
000 -LEADER
fixed length control field 02391nam a2200397 a 4500
001 - CONTROL NUMBER
JCCL Control Number 9613
003 - CONTROL NUMBER IDENTIFIER
JCCL marc code BD-JhCC
005 - DATE AND TIME OF LATEST TRANSACTION
control field 20180320181708.0
008 - FIXED-LENGTH DATA ELEMENTS--GENERAL INFORMATION
fixed length control field 180320s1983 u ||| b ||0 | eng d
035 ## - SYSTEM CONTROL NUMBER
system control number (BD-JhCC)9613
040 ## - CATALOGING SOURCE
Original cataloging agency BD-JhCC
Transcribing agency ericd
Modifying agency BD-JhCC
041 ## - LANGUAGE CODE
Language code of Book eng
082 ## - DEWEY DECIMAL CLASSIFICATION NUMBER
Classification number 341.23
Author mark and Year BAS 1969
091 ## - MICROFILM SHELF LOCATION (AM) [OBSOLETE]
Microfilm shelf location mfm
110 2# - MAIN ENTRY--CORPORATE NAME
Corporate name or jurisdiction name as entry element United Nations, New York, NY. Office of Public Information.
245 10 - TITLE STATEMENT
Title Basic Facts about the United Nations
260 ## - PUBLICATION, DISTRIBUTION, ETC. (IMPRINT)
Place of publication, distribution, etc [Washington, D.C.] :
Name of publisher, distributor, etc Distributed by ERIC Clearinghouse,
Date of publication, distribution, etc 1983.
300 ## - PHYSICAL DESCRIPTION
Pagination 69 p.
Dimensions 21 cm.
500 ## - GENERAL NOTE
General note Availability: United Nations Sales Section, New York, NY 10017 ($2.75).
Institution to which field applies ericd
520 ## - SUMMARY, ETC.
Summary, etc The work of the United Nations is described in summary form. Material is divided into sections on the origin, programs, purpose, principles, and structure of the United Nations; the United Nations at work for International Peace; the United Nations at Work for Economic and Social Development; The United Nations at Work for Decolonization; the United Nations at Work for Human Rights; the United Nations at Work for International Law; and Intergovernmental Agencies. Each section contains paragraph overviews of relevant issues, developments, and United Nations efforts. For example, the section on international peace contains short descriptions of peace efforts in Afghanistan, Kampuchea, the Middle East, Cyprus, South Asia, the Congo, and Korea as well as discussions on disarmament, outer space, and the law of the sea. The section on international law includes coverage of judicial settlements, codification of international law, and international trade law. Appendices include a list of abbreviations, United Nations membership, United Nations information centers, and additional readings. (LP)
650 07 - SUBJECT ADDED ENTRY--TOPICAL TERM
Topical term or geographic name as entry element Civil Rights.
650 07 - SUBJECT ADDED ENTRY--TOPICAL TERM
Topical term or geographic name as entry element Economic Development.
650 07 - SUBJECT ADDED ENTRY--TOPICAL TERM
Topical term or geographic name as entry element Human Relations.
650 07 - SUBJECT ADDED ENTRY--TOPICAL TERM
Topical term or geographic name as entry element International Law.
650 17 - SUBJECT ADDED ENTRY--TOPICAL TERM
Topical term or geographic name as entry element International Relations.
650 07 - SUBJECT ADDED ENTRY--TOPICAL TERM
Topical term or geographic name as entry element Peace.
650 07 - SUBJECT ADDED ENTRY--TOPICAL TERM
Topical term or geographic name as entry element Social Development.
650 17 - SUBJECT ADDED ENTRY--TOPICAL TERM
Topical term or geographic name as entry element World Affairs.
650 17 - SUBJECT ADDED ENTRY--TOPICAL TERM
Topical term or geographic name as entry element World Problems.
653 1# - INDEX TERM--UNCONTROLLED
Uncontrolled term United Nations
655 #7 -
Genre/form data or focus term Guides, Classroom
General subdivision Learner.
Source of term ericd
655 #7 -
Genre/form data or focus term Guides, Classroom
General subdivision Teacher.
Source of term ericd
710 2# - ADDED ENTRY--CORPORATE NAME
Corporate name or jurisdiction name as entry element United Nations, New York, NY. Office of Public Information.
942 ## - ADDED ENTRY ELEMENTS (KOHA)
Source of classification or shelving scheme Dewey Decimal Classification
Koha item type Books
Holdings
Source of classification or shelving scheme Damaged status Not for loan Home library Current library Shelving location Date of accession Total Checkouts Full call number Barcode Date last seen Copy number Koha item type
Dewey Decimal Classification     JCC Rouf Library JCC Rouf Library General Stacks 03/20/2018   341.23 BAS 1969 12410 03/20/2018 C-1 Books

JCC Library | Contacts | JCC Home

Last Update on 23 September 2017
Copyright @ 2017-2020 JCC Rouf Library
Rouf Library, Jhenidah Cadet College (JCC), Bangladesh